Añada. Arrolo. Nana. Vou veri vou.

Gespeichert in:
Bibliographische Detailangaben
Format: Unbekannt
Sprache:Spanish
Veröffentlicht: Alianza Editorial : [editor no identificado], 1984.
Schlagworte:
Tags: Tag hinzufügen
Keine Tags, Fügen Sie den ersten Tag hinzu!

MARC

LEADER 000000000a22000000004500
001 002821
041 0 |a spa 
082 0 4 |a 398.2   |b A532a 
245 0 0 |a Añada. Arrolo. Nana. Vou veri vou. 
260 1 |b Alianza Editorial :   |b [editor no identificado],   |c 1984. 
300 |a 147-175 páginas 
650 4 |a LITERATURA FOLKLORICA 
650 4 |a MUSICA Y LITERATURA 
650 4 |a CANCIONES ESPAÑOLAS 
650 4 |a CANCIONES INFANTILES 
650 4 |a LITERATURA Y SOCIEDAD 
999 |c 9174  |d 9174 
942 |c BK  |h 398.2 A532a  |2 z